000 01037cam a22002054a 4500
005 20250605164019.0
008 250528s ||||||||||||||||||||||||d
035 _a16276
020 _a71002227
040 _aGR-AtMCL
_bgre
_dGR-AtMCL
_eAACR2
245 1 _aElectronic Principles / Fourth Edition
250 _a4th
260 _bMcgraw Hill Book Company,
_c1989
300 _a980
520 _aPreface, Acknowledgements, Introduction, Semiconductors, Diode Thery, Diode Circuits, Special-Purpose Diodes, Bipolar Transistors, Transistor Fundamentals, Transistor Biasing, AC Models, Voltage Amplifiers, Power Amplifiers, Emitter Follower, Field-Effect Transistors, Fet Circuits, Thyristors, Frequency Effects, OP-AMP Theory, More OP-AMP Theory, OP-AMP Negative Feedback, Linear OP-AMP Circuits, Nonlinear OP-AMP Circuits, Oscillators, Regulated Power Supplies, Appendix (Data Sheets), Glossary, Answers to Odd-Numbered Problems, Index.
700 1 _aMalvino Albert Paul
_92360
942 _cBK
999 _c1794
_d1794